000
00240nam a2200121Ia 4500
100
_a
CIMI-DGET
942
_c
BK
245
_a
Turner First Year Trade Theory
260
_b
CIMI
_a
Chennai
300
_a
338
546
_a
ENGLISH
999
_c
28449
_d
28449